[Event "Challenge"]
[Site "http://www.queenalice.com/game.php?id=240913"]
[Date "2007.7.16"]
[Round "-"]
[White "dama_de_ouro"]
[Black "Admilton"]
[Result "1-0"]
[WhiteElo "1580"]
[BlackElo "1515"]

1. Nf3 Nc6 2. e3 e5 3. e4 d6 4. b3 Nf6 5. d3 Ng4 6. Bg5 Be7 7. Qd2 h6 8. Bxe7
Qxe7 9. Nc3 Nd4 10. Nxd4 exd4 11. Nd5 Qd7 12. Qf4 c6 13. Nb4 a5 14. Nxc6 bxc6
15. Be2 Nf6 16. O-O Qe6 17. Qg3 Ng4 18. h3 Ne5 19. Qxg7 Ng6 20. Bh5 Qe5 21.
Qxe5+ dxe5 22. Rac1 Nf4 23. Bg4 Ne2+ 24. Bxe2 c5 25. c3 h5 26. cxd4 cxd4 27. Rc5
f6 28. f4 a4 29. fxe5 axb3 30. axb3 O-O 31. exf6 Ba6 32. Rxh5 Rab8 33. Ra5 Rb6
34. b4 Rfxf6 35. Rxf6 Rxf6 36. Rd5 Bc8 37. Rd8+ Rf8 38. Rxd4 Be6 39. b5 Rb8 40.
Rd6 Bf7 41. b6 Kf8 42. e5 Ke7 43. Rc6 Kd7 44. Rc7+ Ke6 45. b7 Kf5 46. Rxf7+ Kxe5
47. Bf3 Ke6 48. Rc7 Kd6 49. Rc8 1-0

[Event "Challenge"]
[Site "http://www.queenalice.com/game.php?id=242285"]
[Date "2007.7.19"]
[Round "-"]
[White "dama_de_ouro"]
[Black "jwh"]
[Result "1-0"]
[WhiteElo "1591"]
[BlackElo "1340"]

1. e4 e5 2. Nf3 Bd6 3. b3 f6 4. Bb2 Nh6 5. Be2 Qe7 6. O-O f5 7. d3 f4 8. Nbd2 b5
9. c4 b4 10. d4 c5 11. dxe5 Bc7 12. a3 a5 13. axb4 cxb4 14. Bd4 Nc6 15. Bb2 d6
16. exd6 Bxd6 17. c5 Bb8 18. Re1 Ba7 19. Bb5 Qxc5 20. Qe2 Qd6 21. Bxg7 Rg8 22.
e5 Qg6 23. Bxc6+ Qxc6 24. Bf6 Ba6 25. Nc4 a4 26. Rac1 axb3 27. Nd6+ Kd7 28. Qd2
Bc5 29. Nf7+ Ke6 30. N7g5+ Kf5 31. Nd4+ Bxd4 32. Rxc6 Rgd8 33. Bxd8 Rxd8 34.
Qxb4 b2 35. Rxa6 Kxg5 36. Qe7+ Kf5 37. Qxd8 Bc3 38. Qf6+ 1-0

[Event "Challenge"]
[Site "http://www.queenalice.com/game.php?id=245525"]
[Date "2007.7.25"]
[Round "-"]
[White "dama_de_ouro"]
[Black "Joe_Boyd"]
[Result "0-1"]
[WhiteElo "1606"]
[BlackElo "1853"]

1. Nf3 d5 2. e3 c5 3. d4 Bg4 4. Be2 c4 5. Nc3 e6 6. a3 Bd6 7. b3 cxb3 8. cxb3
Nf6 9. b4 Nbd7 10. Nb5 Be7 11. Bb2 a6 12. Nc3 O-O 13. h3 Bh5 14. Bd3 Rc8 15. O-O
Nb6 16. Be2 Nc4 17. Ne5 Bxe2 18. Qxe2 Nxe5 19. dxe5 Nd7 20. f4 Nb6 21. Rfd1 f5
22. e4 fxe4 23. Nxe4 Qe8 24. Ng5 Bxg5 25. fxg5 Rf5 26. Qg4 Nc4 27. Bd4 Nxe5 28.
Bxe5 Rxe5 29. Rd4 Qg6 30. h4 Rc2 31. Rad1 h6 32. R4d2 Rxd2 33. Rxd2 Qb1+ 34. Kh2
hxg5 35. h5 Re1 36. Qxg5 Rh1+ 37. Kg3 Qb3+ 38. Kf2 Qxa3 39. Qd8+ Kh7 40. Qg5
Qxb4 41. Kg3 Qc3+ 42. Kf2 Qf6+ 43. Qxf6 gxf6 44. Rc2 Rxh5 45. Rc7+ Kg6 46. Rxb7
d4 47. Rd7 e5 48. g4 Rh2+ 49. Ke1 Rg2 50. Ra7 d3 51. Rxa6 e4 52. Re6 Re2+ 53.
Kd1 Kf7 54. Rd6 Rg2 55. Rd7+ Ke6 56. Rg7 e3 57. Rg8 Rg1# 0-1

[Event "Challenge"]
[Site "http://www.queenalice.com/game.php?id=249932"]
[Date "2007.8.3"]
[Round "-"]
[White "dama_de_ouro"]
[Black "Balrog"]
[Result "0-1"]
[WhiteElo "1607"]
[BlackElo "1743"]

1. e4 e5 2. Nf3 Nc6 3. d4 exd4 4. Nxd4 Nxd4 5. Qxd4 d6 6. Nc3 Be6 7. Bc4 Qd7 8.
Bxe6 fxe6 9. Qe3 Be7 10. O-O e5 11. Qg3 Nf6 12. Be3 O-O-O 13. Bxa7 b6 14. Qd3
Rdg8 15. Qa6+ Kd8 16. Nb5 Qc6 17. c3 Nxe4 18. Bb8 Kd7 19. Ba7 Nc5 20. Qa3 Qxb5
21. b4 Ne6 22. Bxb6 Qxb6 23. Rad1 h5 24. Qb3 g5 25. c4 g4 26. Kh1 h4 27. Qc3 h3
28. g3 Qc6+ 29. f3 Nd4 30. Rxd4 exd4 31. Qxd4 gxf3 32. Qd5 Qxd5 33. cxd5 Rf8 34.
Kg1 Bg5 0-1

[Event "Challenge"]
[Site "http://www.queenalice.com/game.php?id=253111"]
[Date "2007.8.8"]
[Round "-"]
[White "dama_de_ouro"]
[Black "pedrogarciass"]
[Result "1-0"]
[WhiteElo "1593"]
[BlackElo "1200"]

1. Nf3 Nc6 2. e3 d5 3. Bb5 Bd7 4. b3 a6 5. Be2 h6 6. Bb2 Nf6 7. d3 Bg4 8. Nd4
Bxe2 9. Qxe2 Qd7 10. Nxc6 Qxc6 11. O-O e6 12. Qd1 Bd6 13. Nd2 e5 14. Nf3 O-O-O
15. d4 e4 16. Ne5 Bxe5 17. dxe5 Ne8 18. Rc1 f6 19. exf6 Nxf6 20. h3 Rhg8 21. a3
g5 22. Bd4 b6 23. a4 a5 24. c3 Nd7 25. b4 Rgf8 26. bxa5 bxa5 27. Qb3 Nc5 28.
Bxc5 Qxc5 29. Rfd1 c6 30. Rd4 Kc7 31. c4 Rb8 32. Qc3 dxc4 33. Rxc4 1-0

[Event "Challenge"]
[Site "http://www.queenalice.com/game.php?id=253859"]
[Date "2007.8.10"]
[Round "-"]
[White "dama_de_ouro"]
[Black "pedrogarciass"]
[Result "1-0"]
[WhiteElo "1600"]
[BlackElo "1199"]

1. e4 d5 2. Nc3 d4 3. Nd5 e6 4. Nf4 Bd6 5. d3 e5 6. Nfe2 Bg4 7. h3 Bxe2 8. Nxe2
Nc6 9. a3 h6 10. Ng3 g6 11. Be2 Nf6 12. O-O Qe7 13. b4 b5 14. Re1 O-O 15. Bxh6
Rfe8 16. Bg5 Qe6 17. Bf3 Bf8 18. Qc1 Bg7 19. c3 Qb3 20. c4 bxc4 21. dxc4 Red8
22. Rb1 Qa4 23. Rd1 Rab8 24. b5 Ne7 25. Rb4 Qxa3 26. Qxa3 1-0

[Event "Challenge"]
[Site "http://www.queenalice.com/game.php?id=254067"]
[Date "2007.8.10"]
[Round "-"]
[White "dama_de_ouro"]
[Black "Am0n"]
[Result "1-0"]
[WhiteElo "1604"]
[BlackElo "1608"]

1. e4 d6 2. d4 g5 3. Bxg5 f6 4. Be3 Bg7 5. Nf3 e5 6. d5 b5 7. Bxb5+ Ke7 8. Nc3
a6 9. Ba4 f5 10. Ng5 c6 11. Qh5 Nf6 12. Qf7# 1-0

[Event "Challenge"]
[Site "http://www.queenalice.com/game.php?id=254072"]
[Date "2007.8.10"]
[Round "-"]
[White "dama_de_ouro"]
[Black "pedrogarciass"]
[Result "1-0"]
[WhiteElo "1602"]
[BlackElo "1183"]

1. Nf3 d5 2. e3 Nf6 3. Be2 b6 4. d4 Bb7 5. b3 e6 6. Bb2 Ne4 7. O-O g5 8. Bd3 f5
9. Bxe4 fxe4 10. Ne5 Nc6 11. Qh5+ Ke7 12. Qf7+ Kd6 13. Ba3+ 1-0

[Event "Challenge"]
[Site "http://www.queenalice.com/game.php?id=257950"]
[Date "2007.8.19"]
[Round "-"]
[White "pedrogarciass"]
[Black "dama_de_ouro"]
[Result "1-0"]
[WhiteElo "1516"]
[BlackElo "1627"]

1. Nf3 c5 2. e4 Qa5 3. b3 Nf6 4. Bb2 Nxe4 5. Qe2 Nf6 6. Bc3 Qc7 7. Bxf6 gxf6 8.
c4 d6 9. h3 Nd7 10. Nc3 b6 11. Nd5 Qd8 12. Nh4 Ne5 13. g3 Rg8 14. Bg2 Rb8 15.
O-O Bh6 16. Rfe1 Be6 17. a4 Bg5 18. Nf3 Nxf3+ 19. Qxf3 a5 20. Re2 Qd7 21. Nc3
Bxd2 22. Rxd2 f5 23. h4 f4 24. Ne4 fxg3 25. Nxg3 Bg4 26. Qf4 e5 27. Qf6 Rd8 28.
Re1 Qe6 29. Bc6+ Kf8 30. Qxd8+ Kg7 31. Qc7 Qh6 32. Bd5 Rf8 33. Rd3 Qxh4 34. Bg2
Qf6 35. Ne4 Qg6 36. Rg3 Kh8 37. Qe7 Rg8 38. Nf6 Rc8 39. Rxg4 Qxg4 40. Nxg4 Kg7
41. Bd5 Rf8 42. Re4 1-0

[Event "Challenge"]
[Site "http://www.queenalice.com/game.php?id=264397"]
[Date "2007.8.31"]
[Round "-"]
[White "dama_de_ouro"]
[Black "pedrogarciass"]
[Result "0-1"]
[WhiteElo "1596"]
[BlackElo "1680"]

1. Nf3 d5 2. e3 Bg4 3. Be2 Bxf3 4. Bxf3 Nf6 5. d4 e6 6. O-O Bd6 7. Nc3 O-O 8.
Nb5 Be7 9. Nc3 Nc6 10. a3 a6 11. b4 b5 12. Re1 Bd6 13. e4 Be7 14. e5 Nd7 15. Bg4
Nb6 16. Bh3 Nc4 17. Qg4 h6 18. Ne2 a5 19. c3 axb4 20. Bxh6 g6 21. Bxf8 Qxf8 22.
Nf4 Qh6 23. Nxe6 Ra7 24. Nf4 Bg5 25. Nxd5 bxa3 26. Qd7 N6a5 27. Nxc7 Nb3 28.
Qe8+ Kg7 29. Qd7 Rxc7 30. Qxc7 Nxa1 31. Rxa1 Bf4 32. Qd7 g5 33. g3 Bd2 34. Qxb5
Bxc3 35. Ra2 Nd2 36. Rc2 Qxh3 37. Rxd2 Bxd2 38. Qa4 Bc1 39. d5 Bb2 40. Qb3 Qf5
41. e6 fxe6 42. dxe6 Qe4 43. h3 Kf6 44. f3 Qxe6 0-1

[Event "Tlaloc2k-2"]
[Site "http://www.queenalice.com/game.php?id=269416"]
[Date "2007.9.10"]
[Round "2"]
[White "Sirius"]
[Black "dama_de_ouro"]
[Result "1-0"]
[WhiteElo "1616"]
[BlackElo "1605"]

1. e3 Nf6 2. Nc3 g6 3. d4 d5 4. g3 Bg7 5. Bd3 Nc6 6. Bb5 O-O 7. Bd3 a6 8. h3 Nb4
9. Qf3 Nxd3+ 10. cxd3 Be6 11. Nge2 c6 12. O-O Bxh3 13. Re1 g5 14. Qh1 Qd7 15. e4
Bh6 16. e5 Nh5 17. f3 f6 18. g4 Bxg4 19. fxg4 Qxg4+ 20. Qg2 Qxg2+ 21. Kxg2 f5
22. Rh1 f4 23. Rxh5 Kg7 24. Kh3 f3 25. Ng3 Kg6 26. Kg4 1-0

[Event "ouroxdiamante"]
[Site "http://www.queenalice.com/game.php?id=278255"]
[Date "2007.9.28"]
[Round "-"]
[White "dama_de_ouro"]
[Black "jw16js"]
[Result "1-0"]
[WhiteElo "1579"]
[BlackElo "1472"]

1. Nf3 Nf6 2. e3 Ne4 3. Bd3 d5 4. O-O Nc5 5. Be2 c6 6. b3 f6 7. Bb2 Bg4 8. Nd4
Bxe2 9. Qxe2 e6 10. b4 Qd7 11. bxc5 Bxc5 12. Nb3 Qd6 13. Nxc5 Qxc5 14. Na3 Na6
15. d4 Qd6 16. c4 Nb4 17. c5 Qc7 18. Nb5 Qd8 19. Nd6+ Kf8 20. Ba3 Na6 21. Nxb7
Qc7 22. Qxa6 Qf7 23. Qxc6 Rb8 24. Nd6 Qe7 25. Qa6 g5 26. c6 Kg7 27. Nf5+ exf5
28. Bxe7 Rb6 29. Qxa7 Rxc6 30. Qd7 Rcc8 31. Bf8+ Kxf8 32. Qxc8+ Kg7 33. Qxf5 h5
34. Qxd5 Kg6 35. Rfb1 h4 36. Rb6 Rc8 37. Qe6 Rf8 38. Rc1 Kg7 39. Rb7+ Kg6 40.
Rcc7 Rh8 41. h3 Rh5 42. Rg7+ Kh6 43. Qxf6# 1-0

[Event "Challenge"]
[Site "http://www.queenalice.com/game.php?id=279269"]
[Date "2007.9.30"]
[Round "-"]
[White "dama_de_ouro"]
[Black "lezeu63"]
[Result "1-0"]
[WhiteElo "1589"]
[BlackElo "1545"]

1. e4 e5 2. Nc3 Bc5 3. Nge2 Qf6 4. d4 exd4 5. Nd5 Qe6 6. Nxc7+ Kd8 7. Nxe6+ fxe6
8. Nxd4 e5 9. Nf5 g6 10. Ng7 Nf6 11. Bg5 Rf8 12. Ne6+ Ke8 13. Nxf8 Kxf8 14. Bxf6
Nc6 15. Bc4 Nd4 16. O-O b5 17. Bd5 Rb8 18. Bxe5 Rb6 19. Bxd4 Bxd4 20. Qxd4 Ba6
21. b4 h5 22. Qh8+ Ke7 23. Qg7+ Kd8 24. Qf8+ Kc7 25. Qa8 1-0

[Event "game3"]
[Site "http://www.queenalice.com/game.php?id=279291"]
[Date "2007.9.30"]
[Round "-"]
[White "SotnasLeahcim"]
[Black "dama_de_ouro"]
[Result "0-1"]
[WhiteElo "1100"]
[BlackElo "1603"]

1. Nf3 Nf6 2. Nc3 Nc6 3. d4 e6 4. Bf4 Nd5 5. Nxd5 exd5 6. Ne5 Qf6 7. Nxc6 dxc6
8. Bxc7 Bd6 9. Bxd6 Qxd6 10. c3 O-O 0-1

[Event "AUTO-BEG-109"]
[Site "http://www.queenalice.com/game.php?id=281941"]
[Date "2007.10.6"]
[Round "2"]
[White "gniark"]
[Black "dama_de_ouro"]
[Result "1-0"]
[WhiteElo "1737"]
[BlackElo "1589"]

1. d4 d5 2. c4 Nf6 3. cxd5 Nxd5 4. e4 Nb6 5. Nf3 e6 6. Nc3 a6 7. Bg5 Be7 8. Bxe7
Qxe7 9. Bd3 O-O 10. O-O N8d7 11. Rc1 c6 12. Qc2 e5 13. dxe5 Nxe5 14. Nxe5 Qxe5
15. f4 Qd4+ 16. Kh1 Bd7 17. e5 Nd5 18. Bxh7+ Kh8 19. Be4 Ne3 20. Qf2 c5 21. Qh4+
1-0

[Event "AUTO-BEG-109"]
[Site "http://www.queenalice.com/game.php?id=281942"]
[Date "2007.10.6"]
[Round "2"]
[White "dama_de_ouro"]
[Black "gniark"]
[Result "0-1"]
[WhiteElo "1617"]
[BlackElo "1885"]

1. e4 e6 2. Nc3 d5 3. exd5 exd5 4. d4 Bb4 5. Ne2 Ne7 6. g3 O-O 7. Bg2 Bg4 8. O-O
Bxc3 9. bxc3 c6 10. f3 Bf5 11. Ba3 Re8 12. g4 Bg6 13. Nf4 Qa5 14. Bb4 Qa4 15.
Nxg6 Nxg6 16. Qd3 Nf4 17. Qf5 Nxg2 18. Kxg2 Re2+ 19. Rf2 Rxf2+ 20. Kxf2 Na6 21.
Bd6 Rd8 22. Be5 Re8 23. Kg3 Re6 24. g5 c5 25. h4 cxd4 26. Bxd4 b6 27. h5 Qc6 28.
Qd3 Nc5 29. Bxc5 bxc5 30. Rb1 Qd6+ 31. f4 Re4 32. Rf1 Qe6 33. Rf3 c4 34. Qd1 Re3
35. Rxe3 Qxe3+ 36. Qf3 Qxf3+ 37. Kxf3 Kf8 38. Ke3 Ke7 39. f5 Kd6 40. Kd4 a5 41.
a3 f6 42. g6 hxg6 43. hxg6 a4 44. Ke3 Ke5 45. Kf3 Kxf5 46. Ke3 Kxg6 47. Kd4 Kf5
48. Kxd5 g5 49. Kxc4 g4 50. Kb5 g3 51. Kxa4 g2 52. c4 g1=Q 53. c3 Qb6 0-1

[Event "AUTO-BEG-109"]
[Site "http://www.queenalice.com/game.php?id=281947"]
[Date "2007.10.6"]
[Round "2"]
[White "maues"]
[Black "dama_de_ouro"]
[Result "0-1"]
[WhiteElo "1726"]
[BlackElo "1591"]

1. e4 e5 2. Nf3 Nc6 3. Bc4 Nf6 4. d3 d5 5. exd5 Nxd5 6. O-O Bg4 7. h3 Bh5 8. g4
Bg6 9. a3 Be7 10. Qe1 O-O 11. Nxe5 Nxe5 12. Qxe5 c6 13. Nc3 Bd6 14. Qe1 Bf4 15.
Bxd5 Bxc1 16. Bxf7+ Rxf7 17. Qxc1 Qh4 18. Qe3 Raf8 19. Rae1 Rf3 20. Qe5 Rxh3 21.
Qe6+ Bf7 22. Qe4 Rd8 23. Ne2 Re8 24. Qf3 Rxf3 0-1

[Event "AUTO-BEG-109"]
[Site "http://www.queenalice.com/game.php?id=281948"]
[Date "2007.10.6"]
[Round "2"]
[White "dama_de_ouro"]
[Black "maues"]
[Result "1-0"]
[WhiteElo "1612"]
[BlackElo "1639"]

1. e4 Nc6 2. Nc3 b6 3. d4 Bb7 4. d5 Ne5 5. Bf4 f6 6. Bxe5 fxe5 7. Nf3 d6 8. Bb5+
Kf7 9. Ng5+ Kg6 10. Ne6 Qc8 11. Qg4+ Kf7 12. Qf5+ Nf6 13. Be2 g6 14. Qf3 c6 15.
Nxf8 Rxf8 16. O-O Kg8 17. dxc6 Bxc6 18. Bd3 Nxe4 19. Qe3 Nxc3 20. bxc3 Qg4 21.
f3 Qh5 22. c4 Rf7 23. Be2 Raf8 24. Rf2 e4 25. f4 Qf5 26. g4 Qc5 27. Qxc5 bxc5
28. Rff1 Rxf4 29. h3 e6 30. Rab1 d5 31. h4 d4 32. Rbc1 d3 33. cxd3 exd3 34. Bxd3
1-0

[Event "Challenge"]
[Site "http://www.queenalice.com/game.php?id=303848"]
[Date "2007.11.14"]
[Round "-"]
[White "regivaldo"]
[Black "dama_de_ouro"]
[Result "1-0"]
[WhiteElo "1717"]
[BlackElo "1629"]

1. e4 e5 2. Nf3 Nc6 3. c3 d6 4. b4 Bg4 5. Bc4 Bh5 6. Qa4 Ne7 7. b5 Nb8 8. b6+
Nbc6 9. bxc7 Qxc7 10. Bb5 g6 11. h3 Bg7 12. g4 Bxg4 13. hxg4 O-O 14. d3 Na5 15.
Bd2 a6 16. Na3 Nc8 17. Bd7 Nc6 18. Bxc6 bxc6 19. c4 a5 20. Ke2 Ne7 21. Ng5 d5
22. Nxh7 Rfe8 23. Rh4 d4 24. c5 f6 25. g5 Kf7 26. Qb3+ 1-0

[Event "Challenge"]
[Site "http://www.queenalice.com/game.php?id=369471"]
[Date "2008.3.11"]
[Round "-"]
[White "FBM"]
[Black "dama_de_ouro"]
[Result "1-0"]
[WhiteElo "1563"]
[BlackElo "1625"]

1. d4 d6 2. e4 Nf6 3. Nc3 g6 4. Nf3 Bg7 5. Bg5 O-O 6. Bd3 h6 7. Be3 Nc6 8. O-O
Bg4 9. h3 Bxf3 10. Qxf3 e5 11. d5 Nd4 12. Bxd4 1-0

[Event "Challenge"]
[Site "http://www.queenalice.com/game.php?id=371114"]
[Date "2008.3.14"]
[Round "-"]
[White "dama_de_ouro"]
[Black "lezeu63"]
[Result "1-0"]
[WhiteElo "1612"]
[BlackElo "1527"]

1. Nf3 d5 2. e3 Nf6 3. Be2 Bf5 4. Nd4 e6 5. Nxf5 exf5 6. Bf3 Nc6 7. d4 Qe7 8.
O-O g6 9. Nc3 Bg7 10. Nxd5 O-O 11. Nxe7+ Nxe7 12. Bxb7 Rab8 13. Bf3 g5 14. g3 g4
15. Bg2 1-0